| Поле | Название | Значение |
| |
Тип записи |
c |
| |
Библиографический уровень |
m |
| 001 |
Контрольный номер |
RU/УОНБ/EK_N/616593248 |
| 005 |
Дата корректировки |
20251125210428.0 |
| 010 |
Индекс ISBN |
__ |
| 9 |
Тираж |
13000 экз. |
| 013 |
Номер (ISMN) |
__ |
| d |
Цена |
2 р. 64 к. |
| 071 |
Издательские номер (звукозапись и ноты) |
21 |
| a |
Номер, присвоенный агентством |
9316 |
| 100 |
Данные общей обработки |
__ |
| a |
Данные общей обработки |
20190716d1992 u y0rusy0189||||ca |
| 101 |
Язык документа |
0_ |
| a |
Язык текста |
rus |
| f |
Язык титульного листа |
rus |
| 102 |
Страна публикации |
__ |
| a |
Страна публикации |
RU |
| 105 |
Кодированные данные (монография) |
__ |
| a |
Кодированные данные (монография) |
y###||||000|y |
| 125 |
Кодированные данные звукозаписи и нотных изданий |
__ |
| a |
Форма изложения нотного текста |
с| |
| 128 |
Кодированные данные (звукозаписи-физические характеристики) |
__ |
| a |
Кодированные данные: Музыкальная форма и тональность или лад |
zz |
| c |
Инструменты или голоса, рекомендуемые для солистов (устаревшее) |
kt|| |
| 200 |
Заглавие и сведения об ответственности |
1_ |
| a |
Заглавие |
Вып. 12 |
| f |
Первые сведения об ответственности |
сост. А. Чиняков |
| 210 |
Выходные данные |
__ |
| d |
Дата издания |
1992 |
| 215 |
Физическое описание |
__ |
| a |
Объем |
40 с. |
| 327 |
Примечание о содержании |
11 |
| a |
Примечание о содержании |
Содерж. : Паулс Р. Без меня. - Листов К. В парке Чаир. - Баснер В. Романс : из тф. "Дни Турбиных". - Блантер М. Блюз ; Лучше нету того цвету. - Раков Н. Весенняя полька. - Полонский А. Легкий ветерок : фокстрот. - Берковский В. Гренада. - Фиготин Б. Кумушки. - Ветров В. Незнакомая улица. - Бушуев Ф. Рязанские узоры : кадриль. - Чиняков А. Мазурка. - Булахов П. Нет, не люблю я Вас... - Алябьев А. Сарафанчик. - Джоплин С. Приятные моменты : регтайм. - Канаро Г. Испанское танго. - Китлер Г. Ожидание. - Леннон Д., Маккартни П. Мадонна. - Хуторок ; Ах, Самара-городок : рус. нар. песни / перелож. и обработки А. Чинякова. - Сударушка : вологод. пляска. - Сырба : молд. нар. танец. - Цепочка : литов. нар. танец. |
| 461 |
Уровень набора |
_0 |
| 1 |
|
001RU/УОНБ/EK_N/616351728 |
| 1 |
|
200 |
| a |
|
Музыкальная акварель. Пьесы для аккордеона |
| b |
|
Ноты |
| v |
|
Вып. 12 |
| 1 |
|
210 |
| a |
|
М. |
| c |
|
Советский композитор |
| d |
|
1986 - |
| 1 |
|
225 |
| a |
|
Репертуар художественной самодеятельности |
| 464 |
Аналитический уровень |
_0 |
| 1 |
|
2001 |
| a |
|
Без меня |
| 1 |
|
700 1 |
| a |
|
Паулс |
| b |
|
Р. |
| 464 |
Аналитический уровень |
_0 |
| 1 |
|
2001 |
| a |
|
В парке Чаир |
| 1 |
|
700 1 |
| a |
|
Листов |
| b |
|
К. |
| 464 |
Аналитический уровень |
_0 |
| 1 |
|
2001 |
| a |
|
Романс из телефильма "Дни Турбиных" |
| 1 |
|
700 1 |
| a |
|
Баснер |
| b |
|
В. |
| 1 |
|
50010 |
| a |
|
Дни Турбиных |
| 464 |
Аналитический уровень |
_0 |
| 1 |
|
2001 |
| a |
|
Блюз |
| 1 |
|
700 1 |
| a |
|
Блантер |
| b |
|
М. |
| 464 |
Аналитический уровень |
_0 |
| 1 |
|
2001 |
| a |
|
Весенняя полька |
| 1 |
|
700 1 |
| a |
|
Раков |
| b |
|
Н. |
| 464 |
Аналитический уровень |
_0 |
| 1 |
|
2001 |
| a |
|
Легкий ветерок |
| e |
|
фокстрот |
| 1 |
|
700 1 |
| a |
|
Полонский |
| b |
|
А. |
| 464 |
Аналитический уровень |
_0 |
| 1 |
|
2001 |
| a |
|
Гренада |
| 1 |
|
700 1 |
| a |
|
Берковский |
| b |
|
В. |
| 464 |
Аналитический уровень |
_0 |
| 1 |
|
2001 |
| a |
|
Кумушки |
| 1 |
|
700 1 |
| a |
|
Фиготин |
| b |
|
Б. |
| 464 |
Аналитический уровень |
_0 |
| 1 |
|
2001 |
| a |
|
Незнакомая улица |
| 1 |
|
700 1 |
| a |
|
Ветров |
| b |
|
В. |
| 464 |
Аналитический уровень |
_0 |
| 1 |
|
2001 |
| a |
|
Рязанские узоры |
| e |
|
кадриль |
| 1 |
|
700 1 |
| a |
|
Бушуев |
| b |
|
Ф. |
| 464 |
Аналитический уровень |
_0 |
| 1 |
|
2001 |
| a |
|
Мазурка |
| 1 |
|
700 1 |
| a |
|
Чиняков |
| b |
|
А. |
| 464 |
Аналитический уровень |
_0 |
| 1 |
|
2001 |
| a |
|
Нет, не люблю я Вас... |
| 1 |
|
700 1 |
| a |
|
Булахов |
| b |
|
П. |
| 464 |
Аналитический уровень |
_0 |
| 1 |
|
2001 |
| a |
|
Сарафанчик |
| 1 |
|
700 1 |
| a |
|
Алябьев |
| b |
|
А. |
| 464 |
Аналитический уровень |
_0 |
| 1 |
|
2001 |
| a |
|
Приятные моменты |
| e |
|
регтайм |
| 1 |
|
700 1 |
| a |
|
Джоплин |
| b |
|
С. |
| 464 |
Аналитический уровень |
_0 |
| 1 |
|
2001 |
| a |
|
Испанское танго |
| 1 |
|
700 1 |
| a |
|
Канаро |
| b |
|
Г. |
| 464 |
Аналитический уровень |
_0 |
| 1 |
|
2001 |
| a |
|
Ожидание |
| 1 |
|
700 1 |
| a |
|
Китлер |
| b |
|
Г. |
| 464 |
Аналитический уровень |
_0 |
| 1 |
|
2001 |
| a |
|
Мадонна |
| 1 |
|
700 1 |
| a |
|
Леннон |
| b |
|
Д. |
| 1 |
|
700 1 |
| a |
|
Маккартни |
| b |
|
П. |
| 464 |
Аналитический уровень |
_0 |
| 1 |
|
2001 |
| a |
|
Хуторок |
| e |
|
рус. нар. песня |
| 1 |
|
702 1 |
| a |
|
Чиняков |
| b |
|
А. |
| 4 |
|
030 |
| 464 |
Аналитический уровень |
_0 |
| 1 |
|
2001 |
| a |
|
Сударушка |
| e |
|
вологод. пляска |
| 464 |
Аналитический уровень |
_0 |
| 1 |
|
2001 |
| a |
|
Сырба |
| e |
|
молд. нар. танец |
| 464 |
Аналитический уровень |
_0 |
| 1 |
|
2001 |
| a |
|
Цепочка |
| e |
|
литов. нар. танец |
| 464 |
Аналитический уровень |
_0 |
| 1 |
|
2001 |
| a |
|
Лучше нету того цвету |
| 1 |
|
700 1 |
| a |
|
Блантер |
| b |
|
М. |
| 464 |
Аналитический уровень |
_0 |
| 1 |
|
2001 |
| a |
|
Ах, Самара-городок |
| e |
|
рус. нар. песня |
| 1 |
|
702 1 |
| a |
|
Чиняков |
| b |
|
А. |
| 4 |
|
030 |
| 512 |
Заглавие обложки |
1_ |
| a |
Заглавие обложки |
Музыкальная акварель |
| 517 |
Другие варианты заглавия |
__ |
| a |
Другие варианты заглавия |
Пьесы для аккордеона |
| 606 |
Тематические рубрики |
0_ |
| a |
Основная рубрика |
Аккордеон |
| 610 |
Ключевые слова |
0_ |
| a |
Ключевые слова |
аккордеон |
| 610 |
Ключевые слова |
0_ |
| a |
Ключевые слова |
народная музыка |
| 610 |
Ключевые слова |
0_ |
| a |
Ключевые слова |
переложения для аккордеона |
| 610 |
Ключевые слова |
0_ |
| a |
Ключевые слова |
танцевальная музыка |
| 686 |
Индексы других классификаций |
__ |
| a |
Классификационный индекс |
85.954.7-09я43 |
| 2 |
Код системы |
rubbk |
| 702 |
Вторичная интеллектуальная ответственность |
__ |
| a |
Фамилия |
Чиняков |
| b |
Имя (инициалы) |
А. |
| 4 |
Код отношения |
220 |
| 801 |
Источник записи |
_0 |
| a |
Страна |
RU |
| b |
Организация |
Ульяновская ОНБ |
| c |
Дата составления |
20190716 |
| g |
Правила каталогизации |
RCR |
| 801 |
Источник записи |
_1 |
| a |
Страна |
RU |
| b |
Организация |
Ульяновская ОНБ |
| c |
Дата составления |
20190716 |
| g |
Правила каталогизации |
RCR |
| 901 |
Тип документа |
__ |
| t |
Тип документа |
n |
| w |
Контрольный № источника |
RU/УОНБ/EK_N/616351728 |
| 909 |
Создатель записи |
__ |
| a |
Создатель записи |
Никитина Т. А. |
| 938 |
Служебная информация |
__ |
| a |
Имя БД |
noti |
| b |
Имя библиотеки |
УОНБ |
| c |
Имя АИБС |
МАРК-SQL |
| d |
Номер DOC_ID в БД |
20859 |